Forschungsverbund lebensraum stadt
Αποθηκεύτηκε σε:
| Άλλοι συγγραφείς: | , |
|---|---|
| Μορφή: | Άγνωστο |
| Γλώσσα: | German |
| Δημοσίευση: |
Berlin :
Ernst und Sohn,
1994.
|
| Θέματα: | |
| Ετικέτες: |
Προσθήκη ετικέτας
Δεν υπάρχουν, Καταχωρήστε ετικέτα πρώτοι!
|
MARC
| LEADER | 00000c a2200000 4500 | ||
|---|---|---|---|
| 001 | 1/10462 | ||
| 008 | 000901s1994 gw |||||| 0|| ||ger|d | ||
| 020 | |a 343302551-7 | ||
| 035 | |l 10063444 | ||
| 040 | |a GR-MY-UA |b gre |e aacr | ||
| 041 | 0 | |a ger | |
| 082 | 0 | |a 307.1416 | |
| 245 | 1 | 0 | |a Forschungsverbund lebensraum stadt / |c koordination Dieter Sauberzweig, Christian Neuhaus. |
| 260 | |a Berlin : |b Ernst und Sohn, |c 1994. | ||
| 505 | 8 | |a τ. 1. Mobilat und kommunikation in den agglomerationen von heute und morgen / Ein Uberblick -- τ. 2. Szenarien und handlungswege -- τ. 3., Μέρος 1, Faktoren des verkehrshandelns : verichte aus den teilprojekten, Μέρος 2, Telematik, raum und verkehr, Μέρος 3, Gestaltungsfelder und losungsansatze -- τ. 4. Entwicklungspotentiale von stadten zwischen vision und wirklichkeit. | |
| 500 | |a At head of title: Gottler Daimler-und Karl Benz-Stiftung. | ||
| 650 | 0 | 0 | |a Urbanization. |
| 650 | 0 | 0 | |a City planning. |
| 650 | 0 | 0 | |a Urban transportation. |
| 650 | 0 | 0 | |a Cities and towns. |
| 650 | 0 | 0 | |a Rural-urban relations. |
| 700 | 1 | |a Sauberzweig, Dieter, |e edt | |
| 700 | 1 | |a Neuhaus, Christian, |e edt | |
| 852 | |a INST |b LESVOS |e 20210803 |h 307.1416 FOR |p 005100023254 |q 005100023254 |t BK |v τ.2: |y 0 | ||
| 852 | |a INST |b LESVOS |e 20210803 |h 307.1416 FOR |p 005100023256 |q 005100023256 |t BK |v τ.4: |y 0 | ||
| 852 | |a INST |b LESVOS |e 20210803 |h 307.1416 FOR |p 005100023257 |q 005100023257 |t BK |v τ.3: |y 0 | ||
| 852 | |a INST |b LESVOS |e 20210803 |h 307.1416 FOR |p 005100023258 |q 005100023258 |t BK |v τ.1: |y 0 | ||
| 853 | |a INST |b LESVOS |h 307.1416 FOR | ||
| 901 | |a BIBL1-2000-2 | ||
| 909 | |a Λ |b 074814 | ||
| 909 | |a Λ |b 074816 | ||
| 909 | |a Λ |b 074815 | ||
| 909 | |a Λ |b 074817 | ||
| 909 | |a Λ |b 074812 | ||
| 909 | |a Λ |b 074813 | ||
| 922 | |a 1ΕΛΗ |b 200002 |c ΚΠΣ/ΤΚ |d GLORY | ||